00225nam a2200097Ia 4500100001800000654001400018245004000032260003500072082000800107546001200115 aParrish/A.ed  amechanics aMechanical Engineers Reference Book bButtorworth & CoaLondonc1973 a621 aENGLISH